[Event "IND-ch U19 Girls"]
[Site "Kankarbagh"]
[Date "2017.09.06"]
[Round "5"]
[White "Varshini, Veileven"]
[Black "Patel, Aditi"]
[Result "1-0"]
[WhiteElo "2086"]
[BlackElo "1627"]
[PlyCount "81"]
[EventDate "2017.09.03"]
[EventType "swiss"]
[EventRounds "11"]
[EventCountry "IND"]
[SourceTitle "CBM 180 Extra"]
[Source "ChessBase"]
[SourceDate "2017.10.06"]
[SourceVersion "1"]
[SourceVersionDate "2017.10.06"]
[SourceQuality "1"]

1. e4 d5 2. exd5 Nf6 3. Nf3 Nxd5 4. d4 e6 5. Be2 Be7 6. 0-0 0-0 7. c4 Nf6 8. Nc3 c5 9. d5 exd5 10. cxd5 Bf5 11. Ne5 Bd6 12. Nc4 a6 13. a4 Qc7 14. f4 Nbd7 15. g4 Bg6 16. Nxd6 Qxd6 17. f5 Nb6 18. Bf4 Qd7 19. fxg6 Nbxd5 20. gxf7+ Rxf7 21. g5 Nxc3 22. bxc3 Nd5 23. Bg4 Qc6 24. Bf3 Rd7 25. c4 Nxf4 26. Bxc6 Rxd1 27. Raxd1 Ne2+ 28. Kf2 Nd4 29. Bxb7 Re8 30. Bd5+ Kh8 31. Rde1 Rb8 32. Rb1 Rf8+ 33. Kg2 Re8 34. Rfe1 Rf8 35. Rb7 Nf5 36. Rf7 Nh4+ 37. Kh3 Ng6 38. Rxf8+ Nxf8 39. Re8 g6 40. Rxf8+ Kg7 41. Rg8# 1-0